Ο σοσιαλισμός
Αποθηκεύτηκε σε:
| Κύριος συγγραφέας: | |
|---|---|
| Άλλοι συγγραφείς: | , |
| Μορφή: | Βιβλίο |
| Γλώσσα: | Greek French |
| Δημοσίευση: |
Αθήνα :
Ζαχαρόπουλος,
1977.
|
| Σειρά: | Τί ξέρω; = Que sais-je? (Ι. Ζαχαρόπουλος)
|
| Θέματα: | |
| Ετικέτες: |
Προσθήκη ετικέτας
Δεν υπάρχουν, Καταχωρήστε ετικέτα πρώτοι!
|
MARC
| LEADER | 00000cam a2200000 i 4500 | ||
|---|---|---|---|
| 001 | 1/81646 | ||
| 008 | 990518s1977 gr | ||| |||| ||gre|| | ||
| 035 | |l 10050924 | ||
| 040 | |a GR-MY-UA |b gre |e aacr | ||
| 041 | 1 | |a gre |h fre | |
| 082 | 7 | |a 335 |2 (22) | |
| 100 | 1 | |a Bourgin, Georges, |d 1879-1958. | |
| 245 | 1 | 2 | |a Ο σοσιαλισμός / |c Georges Bourgin, Pierre Rimbert ; μετάφραση: Φοίβου Αρβανίτη. |
| 260 | |a Αθήνα : |b Ζαχαρόπουλος, |c 1977. | ||
| 300 | |a 129 σ. ; |c 18 εκ. | ||
| 490 | 1 | |a (Τι ξέρω; = |a Que sais-je?) | |
| 500 | |a Τίτλος πρωτοτύπου: Le socialism. | ||
| 650 | 0 | 0 | |a Socialism. |
| 700 | 1 | |a Rimbert, Pierre, |d 1910- | |
| 700 | 1 | |a Αρβανίτης, Φοίβος, |e trl | |
| 830 | 0 | |a Τί ξέρω; = Que sais-je? (Ι. Ζαχαρόπουλος) | |
| 852 | |a INST |b RHODES |e 19990518 |h 335 BOU |p 005400005576 |q 005400005576 |t BK |y 0 | ||
| 901 | |a BIBL4-1999-2 | ||
| 909 | |a Ρ |b 058055 | ||
| 922 | |a 4ΕΛΗ |b 199806 |c ΚΠΣ/Ν | ||
| 970 | |z 18/05/1999 | ||